[Event "Modbury Championship"]
[Site "Modbury"]
[Date "1997.??.??"]
[Round "1.1"]
[White "Kramer, Warren"]
[Black "Gray, Graham"]
[Result "0-1"]
[WhiteElo "1279"]
[BlackElo "1536"]
[Annotator "Fritz 5.32"]
[PlyCount "66"]
[EventDate "1997.??.??"]
[EventType "tourn"]
[EventRounds "11"]
[EventCountry "AUS"]

1. d4 Nf6 {Opening = E32_02 Nimzoindisch 4.Qc2 0-0 / Nimzo Indian 4.Qc2 0-0} 2.
c4 e6 3. Nc3 Bb4 4. Qc2 O-O 5. Nf3 d5 6. Bg5 h6 7. Bxf6 $146 (7. Bh4 c5 8. e3
Nc6 9. dxc5 d4 10. a3 Bxc3+ 11. bxc3 dxe3 12. fxe3 Qe7 13. Qf2 Qxc5 14. Bxf6
gxf6 15. Be2 Kh7 16. O-O b6 17. Nd4 Bb7 18. Qxf6 Qg5 19. Qxg5 hxg5 20. Bf3 Na5
21. Rad1 Bxf3 {Bauer,A-Neunhoeffer,H/BL2-S 1995/BL2/0-1 (40)}) 7... Qxf6 ({
Inferior is} 7... gxf6 8. Qd2 $16) 8. e3 Nd7 9. cxd5 exd5 10. Be2 c6 {
Secures b5} 11. O-O Bd6 12. e4 dxe4 13. Nxe4 Qg6 $14 (13... Qe7 14. Nxd6 Qxd6
15. Rfe1 $11) 14. Bd3 $11 (14. Nh4 $5 Qe6 15. Bc4 $14) 14... Bb8 15. Ng3 Qd6
16. Rfe1 Nf6 17. Re2 Bg4 18. Nf5 Qf4 19. Ne7+ $15 (19. g3 Qc7 20. Re7 Qb6 $15)
19... Kh8 20. Ne5 Qxd4 $11 (20... Bxe5 21. Rxe5 Rad8 22. Rae1 $15) 21. N5g6+
fxg6 {Consolidates f5} 22. Nxg6+ Kg8 23. Bc4+ Rf7 $2 $16 (23... Nd5 $142 $5 {
and Black hangs on} 24. Rd1 Bxh2+ 25. Kxh2 Qf6 26. Rxd5 cxd5 (26... Bxe2 $4 {
would be a gruesome error} 27. Rf5+ Bxc4 28. Qxc4+ (28. Rxf6 $6 Rxf6 29. Qxc4+
Kh7 $18) 28... Kh7 29. Nxf8+ (29. Rxf6 $6 Rxf6 30. Nf4 Raf8 $18) 29... Rxf8 30.
Rxf6 Rxf6 31. f3 $18) 27. Bxd5+ Rf7 28. Bxf7+ Qxf7 29. Ne7+ Kh8 30. Ng6+ Kg8
31. Ne7+ Kh8 32. Ng6+ Kg8 $11) 24. Bxf7+ Kxf7 25. Re7+ Kg8 26. Qb3+ Nd5 27.
Rxb7 $4 $17 {White lets it slip away} (27. Qxb7 $142 Bxh2+ 28. Kxh2 $16) 27...
Bd6 28. Re1 (28. Ne7+ $1 Bxe7 29. Rxe7 $17) 28... Qd2 {Threatening mate... how?
} 29. Ra1 $4 {the final mistake, not that it matters anymore} (29. Rf1 $142 Qg5
30. Qc2 $19) 29... Qg5 (29... Re8 $142 {nails it down} 30. Ne7+ Bxe7 $19) 30.
Rxg7+ $4 {leading to a quick end} (30. Qc2 $142 $19) 30... Kxg7 31. Qb7+ Nc7
32. Qxc6 Qxg6 33. Qc3+ Qf6 (33... Qf6 34. Qxf6+ Kxf6 $19) (33... Kg8 $142 $5 {
keeps an even firmer grip} 34. Re1 $19) 0-1

[Event "Modbury Championship"]
[Site "Modbury"]
[Date "1997.??.??"]
[Round "2.2"]
[White "Anderson-Smith, William"]
[Black "Vuglar, Shanon"]
[Result "1-0"]
[WhiteElo "1465"]
[BlackElo "1101"]
[Annotator "Fritz 5.32"]
[PlyCount "89"]
[EventDate "1997.??.??"]
[EventType "tourn"]
[EventRounds "11"]
[EventCountry "AUS"]

1. d4 d5 {
Opening = D35 - Damengambit-Abtauschvariante /Queen's Gambit-Exchange Variat}
2. c4 e6 3. Nc3 Nf6 4. Bg5 Nbd7 5. cxd5 exd5 6. e3 c6 7. Qc2 Bd6 8. Bd3 Qc7 $14
(8... h6 9. Bh4 $11) 9. Nge2 O-O ({Not} 9... Bxh2 10. g3 Ng4 11. Bf4 $16 (11.
Bxh7 $6 Nf8 12. Bd3 Qb6 $11)) 10. Bf4 Re8 11. O-O b6 $14 (11... a6 12. Bxd6
Qxd6 13. Rac1 $11) 12. Rac1 (12. Nb5 cxb5 13. Qxc7 Bxc7 14. Bxc7 b4 $14) 12...
Bb7 $2 $18 (12... Bxf4 $142 {and Black can hope to live} 13. Nxf4 Qd6 $11) 13.
Nb5 cxb5 {White gets strong play along the open c-file} 14. Qxc7 Bxc7 15. Rxc7
(15. Bxc7 $6 b4 $16) 15... Ba6 16. a4 Rac8 $18 (16... Rec8 17. Rfc1 $16) 17.
Rfc1 Rxc7 18. Rxc7 ({Worse is} 18. Bxc7 Rc8 $16) 18... Rc8 $4 {
shortens the misery for Black} (18... Ra8 $142 $18) 19. Rxa7 Bb7 20. Rxb7 bxa4
21. Bb5 (21. Bf5 $142 $5 {and White can already relax} Rd8 $18) 21... Nf8 (
21... Rc2 {does not win a prize} 22. Ng3 (22. Rxd7 $6 {is clearly worse} Nxd7
23. Bxa4 Rxb2 $16) 22... Nf8 23. Bd6 $18) 22. Bd6 Ne4 23. Bxf8 (23. Ba3 $5 {
seems even better} h5 $18) 23... Kxf8 24. Bxa4 {White gets kings attack} Ra8
25. b3 Nd2 (25... Rc8 {does not improve anything} 26. f3 Rc2 27. fxe4 Rxe2 28.
exd5 $18) 26. g3 Ra6 (26... Nf3+ {does not help much} 27. Kh1 $18) 27. Nc3 h5 (
27... g5 $18 {what else?}) 28. Rb8+ Ke7 29. Nxd5+ Ke6 30. Nc7+ Kf5 31. Nxa6 h4
32. Rxb6 h3 33. Bd7+ Ke4 34. Nc5+ Kf3 35. Bxh3 Ke2 36. Bg4+ Nf3+ 37. Kg2 (37.
Bxf3+ {seems even better} Kxf3 38. d5 f6 $18) 37... f5 38. Bxf3+ Ke1 39. Rc6 {
The mate threat is Nd3} g5 (39... Kd2 {cannot change what is in store for ?}
40. Na6 g5 41. Nb4 Ke1 42. Rc2 g4 43. Nd3#) 40. b4 (40. Nd3+ Kd2 41. Nb4 Ke1
42. Rc2 g4 43. Nd3#) 40... Kd2 41. Nb3+ $1 {a mean check} Kd3 42. Kf1 f4 (42...
g4 {does not save the day} 43. Be2+ Ke4 44. Rc5 f4 45. Nd2#) 43. Be2+ Ke4 44.
Rc5 fxe3 45. Re5# (45. f3#) 1-0

[Event "Modbury Championship"]
[Site "Modbury"]
[Date "1997.??.??"]
[Round "3.3"]
[White "Giermann, Arno"]
[Black "Madsen, John"]
[Result "1-0"]
[WhiteElo "1556"]
[BlackElo "1195"]
[Annotator "Fritz 5.32"]
[PlyCount "67"]
[EventDate "1997.??.??"]
[EventType "tourn"]
[EventRounds "11"]
[EventCountry "AUS"]

1. e4 e5 {Opening = C30 - Abgelehntes Königsgambit /King's Gambit Declined} 2.
f4 Nc6 3. Nf3 exf4 4. Bc4 h6 (4... d6 5. d4 g5 6. O-O Bg7 7. h4 h6 8. c3 Bg4 9.
Qb3 Rb8 10. Bxf7+ Kd7 11. d5 Ne5 12. Nxe5+ Bxe5 13. Nd2 gxh4 14. Nf3 Qf6 15.
Qa4+ {1/2-1/2 Menon,C-Krivec,P/Nova Gorica 1996/EXP 51 (15)}) 5. d4 Qe7 $146 (
5... Nf6 6. O-O d5 7. exd5 Nxd5 8. Bxd5 Qxd5 9. Nc3 Qd8 10. Bxf4 Bg4 11. Nb5
Rc8 12. Re1+ Be7 13. c3 O-O 14. d5 Bxf3 15. Qxf3 Na5 16. Qg3 Bh4 17. Qg4 Bxe1
18. Bxh6 Bxc3 19. Nxc3 Qf6 20. Bg5 Qg6 21. Rf1 Rce8 22. b4 Nc4 23. Qxc4 Qxg5
24. Rf4 Re1+ 25. Kf2 Qe5 26. Rf3 Re8 27. d6 Rf1+ 28. Qxf1 {
1-0 Salomonsson,C-Tops,J/SVE-ch op Vaxjo 1992/EXT 92ch (28)}) 6. O-O b6 $14 (
6... g5 $5 $11 {might be a viable alternative}) 7. Bxf4 g5 {
Black is behind in development.} (7... Qxe4 $4 {taking the pawn is naive} 8.
Re1 (8. Bxc7 $6 {is much weaker} Qe3+ 9. Kh1 Bb4 $18) 8... Qxe1+ 9. Qxe1+ Nge7
10. Bxc7 $18) 8. Bxc7 d6 {White creates threats along the open f-file} 9. Bxf7+
$16 (9. Ne5 $142 $1 dxe5 10. Rxf7 (10. Bxf7+ $6 Kd7 11. Bxe5 Nxe5 12. Bxg8 Rxg8
13. dxe5+ Kc7 $14) 10... Qxf7 11. Bxf7+ Kxf7 12. d5 (12. dxe5 $6 Bc5+ 13. Kh1
Be6 $16) (12. Bxe5 $6 Nxe5 13. dxe5 Bc5+ 14. Kh1 Be6 $16) 12... Bc5+ 13. Kh1
$18) 9... Qxf7 10. Nxg5 $11 (10. Ne5 Nxe5 11. Rxf7 Nxf7 12. e5 $16) 10... Qxc7
$4 $18 {with this move Black loses his initiative} (10... Qg6 $142 {
had to be tried to avoid defeat} 11. Qf3 Bg7 $15) 11. Qh5+ Kd7 12. Rxf8 {
Threatening mate... how?} Ba6 (12... Nf6 {praying for a miracle} 13. Rxf6 $1 {
surprise!} Nd8 $18) 13. Qf7+ (13. Qg4+ $142 {secures victory} Ke7 14. Rf7+ Ke8
15. Rxc7 $18) 13... Nce7 14. Rxa8 {Threatening mate: Qe8} hxg5 15. d5 $4 $16 {
releasing the pressure on the opponent} (15. Nc3 $142 {
finishes off the opponent} Bc8 16. Nb5 $18) 15... Qc5+ $4 $18 {
another bit of territory lost} (15... Bc8 $142 $16) 16. Kh1 {
Do you see the mate threat?} Kc7 17. Qe8 $16 (17. Qf8 Nc8 18. Qg7+ Nge7 19.
Qxh8 Qxc2 20. Na3 Qxe4 21. Rc1+ Kd7 22. Raxc8 Bxc8 23. Nb5 Nxd5 24. Qxc8+ Ke7
25. Qb7+ Ke6 26. Rf1 $18) 17... Nc8 18. Nc3 $11 (18. b4 Qxb4 19. c3 $14) 18...
Bb7 $4 $18 {gives away a clear win} (18... Kb7 $142 {
this is the best bet to save the position} 19. Rxc8 Qxc8 $15) 19. Nb5+ Qxb5 $5
20. Rxc8+ $1 {the final nail in the coffin} Bxc8 21. Qxb5 Ne7 22. Rf1 Bd7 23.
Qa6 Kb8 (23... Kd8 {doesn't do any good} 24. Qxa7 Nc8 25. Qb7 $18) 24. Rf7 Re8
(24... Rc8 {doesn't change the outcome of the game} 25. Rxe7 Rxc2 26. h3 $18)
25. Qa3 Kc7 26. Qc3+ $18 (26. Qxa7+ Kc8 27. e5 Rh8 28. exd6 Rxh2+ 29. Kxh2 Kd8
30. Rf8+ Be8 31. Qc7#) 26... Kd8 27. Qg3 (27. Qf6 {
makes it even easier for White} Kc7 28. e5 dxe5 29. d6+ Kb7 30. Rxe7 Rxe7 31.
dxe7 g4 $18) 27... Nc8 28. Qxg5+ Kc7 29. Qg7 {The mate threat is Rxd7} Rd8 30.
h4 b5 31. h5 Nb6 32. b3 (32. h6 $142 $5 {might be the shorter path} Nc4 $18)
32... Kb7 (32... Re8 {is no salvation} 33. h6 Rxe4 34. h7 Rh4+ 35. Kg1 $18) 33.
h6 Ka6 34. h7 (34. h7 b4 35. Rf8 $18) 1-0

[Event "Modbury Championship"]
[Site "Modbury"]
[Date "1997.??.??"]
[Round "4.4"]
[White "Van der Schoot, Peter"]
[Black "Chilman, Alan"]
[Result "1/2-1/2"]
[WhiteElo "1443"]
[BlackElo "1560"]
[Annotator "Fritz 5.32"]
[PlyCount "78"]
[EventDate "1997.??.??"]
[EventType "tourn"]
[EventRounds "11"]
[EventCountry "AUS"]

1. e4 e5 {Opening = C25 - Wiener Partie /Vienna Game} 2. Nc3 Nc6 3. Bc4 Bc5 4.
Qg4 g6 5. Qg3 (5. Qf3 Nf6 6. Nge2 d6 7. d3 Bg4 8. Qg3 Be6 9. Bg5 Nh5 10. Qh4
Qd7 11. Ng3 Nf4 12. Bxf4 exf4 13. Qxf4 Bxc4 14. dxc4 O-O-O 15. O-O-O Bd4 16.
Nge2 Bg7 17. c5 Qe6 18. cxd6 cxd6 19. Kb1 Kb8 {
Watson,W-Murshed,N/London Lloyds 1992/EXP 31/1-0 (37)}) 5... d6 6. Nge2 Nge7
$14 (6... Nf6 7. O-O $11) (6... Be6 7. Bxe6 fxe6 8. Na4 Bb6 9. c3 Qd7 10. O-O
Nf6 11. Nxb6 axb6 12. Qh4 Qg7 13. d4 h6 14. dxe5 dxe5 15. f4 O-O-O 16. fxe5 Nd7
17. Nd4 Rde8 18. a4 g5 19. Qg4 Ndxe5 20. Qd1 Nxd4 21. Qxd4 {
Kiss,L-Szurovszky,E/HUN-chT 1994/TD 94\03/1-0 (74)}) 7. d3 $11 (7. Na4 Bb6 $14)
7... Bd4 $14 (7... Na5 $5 $11) 8. Bh6 Be6 $16 (8... Bxc3+ 9. Nxc3 Nd4 10. O-O-O
$14) 9. Bxe6 ({Weaker is} 9. Nxd4 Nxd4 10. O-O-O Bxc4 11. dxc4 Nec6 $14) 9...
fxe6 10. Qh3 Bxc3+ 11. Nxc3 Nd4 12. O-O-O Qd7 (12... Nec6 13. f4 Qd7 14. Rhf1
$16) 13. Bg7 Rg8 14. Qxh7 O-O-O 15. Bf6 Ndc6 16. Qh4 Rdf8 17. Bxe7 (17. h3 Rf7
$16) 17... Nxe7 18. f3 Rh8 19. Qe1 Nc6 20. Qe3 Kb8 21. h4 Nd4 22. Ne2 $11 (22.
Rdf1 $5 $16) 22... Nc6 $16 (22... Qa4 $5 23. Nxd4 exd4 $11) 23. Qg5 Qf7 24.
Rdf1 Rh5 25. Qg4 Rg8 26. Ng3 Rh7 27. Kb1 a6 28. a3 (28. Ne2 Rf8 $16) 28... Nd4
29. f4 exf4 30. Rxf4 Qe8 31. Rhf1 $14 (31. Rf6 $5 $16) 31... e5 $16 (31... Rxh4
$1 32. Qxh4 g5 $14) 32. Rf6 Rhg7 $18 (32... Rgh8 $142 $5 $16) 33. Ne2 Nc6 34.
Re6 $11 (34. g3 $142 $18) 34... Qc8 35. Qh3 Nd8 $16 (35... g5 $5 36. hxg5 Rxg5
$11) 36. Ref6 Qxh3 37. gxh3 Rh7 38. Rf8 Rxf8 39. Rxf8 Kc8 1/2-1/2

[Event "Modbury Championship"]
[Site "Modbury"]
[Date "1997.??.??"]
[Round "5.5"]
[White "Maaz, John"]
[Black "Wellnitz, Gerhard"]
[Result "0-1"]
[WhiteElo "1214"]
[BlackElo "1069"]
[Annotator "Fritz 5.32"]
[PlyCount "62"]
[EventDate "1997.??.??"]
[EventType "tourn"]
[EventRounds "11"]
[EventCountry "AUS"]

1. d4 d5 {
Opening = D52 - Damengambit-Cambridge Springs/Queen's Gambit-Cambridge Springs}
2. c4 c6 3. Nc3 Nf6 4. Nf3 e6 5. Bg5 Nbd7 6. e3 Qa5 7. a3 Be7 (7... Ne4 8. Qa4
(8. Qc2 b5 9. cxb5 cxb5 10. Bxb5 Nxc3 11. Bxd7+ Bxd7 12. bxc3 Rc8 13. O-O Qxc3
14. Qxc3 Rxc3 15. a4 Bd6 16. Rfc1 Rxc1+ 17. Rxc1 O-O 18. a5 Rb8 19. h3 Rb5 20.
Bd8 Kf8 21. Bc7 Ke7 22. Bxd6+ Kxd6 {
Jankovic,M-Tompa,N/EU-chJW U16 Herculane 1994/TD 94\01/0-1 (35)}) 8... Qxa4 9.
Nxa4 Nxg5 10. Nxg5 b6 11. cxd5 exd5 12. Rc1 Be7 13. Nf3 b5 14. Nc5 Nxc5 15.
dxc5 Bf6 16. Nd4 Bd7 17. Bd3 O-O-O 18. b4 Rhe8 19. O-O Kc7 20. Ra1 Kb7 21. Ra2
Ra8 22. a4 a6 {1/2-1/2 Berrabah,R-Vera,I/Novi Sad 1990/EXT 90 (22)}) 8. b4 $146
(8. Rc1 O-O 9. Be2 Re8 10. O-O h6 11. Bh4 dxc4 12. Bxc4 b5 13. Bd3 Bb7 14. h3
a6 15. Qe2 Qb6 16. Rfd1 c5 17. dxc5 Nxc5 18. Bc2 Rad8 19. Ne5 Ba8 20. Nf3 Rxd1+
21. Rxd1 Rd8 22. b4 Rxd1+ {
Bramme,E-Riznar,H/EU-chJW U14 Szombathely 1993/TD 93\05/0-1 (50)}) 8... Qd8 9.
cxd5 Nxd5 $14 (9... exd5 10. Bd3 $11) 10. Bxe7 Qxe7 11. Qc2 Nxc3 12. Qxc3 Nf6
13. Bd3 Nd5 14. Qc2 g6 {Covers f5} 15. O-O O-O 16. e4 Nf6 17. Rac1 Bd7 18. e5 {
This push gains space} (18. Rfd1 Nh5 $16) 18... Nd5 {
A comfortable square for the black knight} 19. Qd2 f5 20. exf6 {
Black has to watch this pawn} Rxf6 21. Qg5 $11 (21. Be4 Raf8 $14) 21... Nf4 $14
(21... a5 22. Be4 $11) 22. Be4 $17 (22. Ne5 $142 {is the best option White has}
Raf8 23. Bc4 $14) 22... Raf8 $4 $16 {forfeits the advantage} (22... Ne2+ $142
23. Kh1 Nxc1 24. Rxc1 a6 $17) 23. Rfe1 Qd6 24. Qe5 Qb8 25. Qxb8 Rxb8 26. Ne5
Bc8 27. Re3 Kh8 28. Rf3 $4 $17 {White lets it slip away} (28. Kf1 $142 $16)
28... b5 $4 $18 {Black is ruining his position} (28... Ne2+ $142 29. Kf1 Rxf3
30. Kxe2 Rxa3 $19) 29. Rxc6 $4 $14 {releasing the pressure on the opponent} (
29. Kf1 $142 $18 {with excellent chances for White}) 29... Ne2+ $4 $18 (29...
Bb7 $142 {the only rescuing move} 30. Nd7 Bxc6 31. Nxf6 Ne2+ 32. Kf1 Nxd4 33.
Bxc6 Nxc6 $16) 30. Kf1 Rxf3 31. gxf3 (31. Kxe2 $6 Rxa3 32. Rc7 a5 $11) 31...
Nxd4 (31... Nxd4 32. Rc7 Kg8 $18) 0-1

[Event "Modbury Championship"]
[Site "Modbury"]
[Date "1997.??.??"]
[Round "6.6"]
[White "Gaviola, Cecil"]
[Black "Porlaje, Benjamin"]
[Result "1-0"]
[WhiteElo "1498"]
[BlackElo "1270"]
[Annotator "Fritz 5.32"]
[PlyCount "77"]
[EventDate "1997.??.??"]
[EventType "tourn"]
[EventRounds "11"]
[EventCountry "AUS"]

1. e4 e6 {
Opening = C01 - Französische Vert-Abtauschvariante /French Def-Exchange Variat}
2. Nf3 d5 3. exd5 exd5 4. d4 Ne7 $146 (4... h6 5. c3 Bd6 6. Nbd2 c6 7. Nb3 Qf6
8. Be2 Ne7 9. h3 O-O 10. Be3 Bf5 11. g4 Bh7 12. g5 hxg5 13. Bxg5 Qf5 14. Be3
Bf4 15. Bxf4 Qxf4 16. Rg1 Nd7 17. Ng5 Bf5 {
1/2-1/2 Moldoev,N-Dempsey,P/WchJM-U10 Szeged 1994/TD 94\01 (17)}) (4... c6 5.
Bd3 (5. Bf4 Bd6 6. Bxd6 Qxd6 7. c3 Bg4 8. Nbd2 Nd7 9. Bd3 Qe7+ 10. Qe2 Qxe2+
11. Bxe2 Ne7 12. O-O-O O-O 13. h3 Bxf3 14. Bxf3 Rae8 15. Rde1 Nc8 16. Kd1 Nd6
17. g3 f5 18. Rxe8 Rxe8 19. Re1 Rd8 {
Werner,M-Uhlmann,W/BL9192 1992/BL 90/1-0 (63)}) 5... Bd6 6. O-O Ne7 (6... Bg4
7. Re1+ Ne7 8. Bg5 Nd7 9. Bh4 Nf8 10. c4 Nfg6 11. Bxe7 Bxe7 12. Nc3 dxc4 13.
Bxg6 hxg6 14. d5 Kf8 15. dxc6 bxc6 16. Qxd8+ Bxd8 17. Ne5 Bf5 18. Nxc6 Bf6 19.
Rad1 Rh5 20. Nd5 Bxb2 21. Nc7 Rc8 22. Nxa7 Rb8 23. Nc6 Rc8 24. Na7 Rb8 25. Nc6
Rc8 {1/2-1/2 Engelbert,C-Sprotte,N/2.BLN9697 Kreuzberg-HSK II 1997/BL2-N (25)})
7. Bg5 O-O 8. Nbd2 f6 9. Bh4 Bf5 10. Nb3 Nd7 11. Bg3 Bxg3 12. hxg3 Re8 13. Re1
Bxd3 14. Qxd3 Ng6 15. a4 Rxe1+ 16. Rxe1 Qf8 17. a5 Re8 18. Rxe8 Qxe8 19. Qc3 {
Ivanchuk,V-Dreev,A/London PCA-Intel GP 1995/EXP 49/1/2-1/2 (47)}) (4... Qe7+ 5.
Be2 h6 6. Nc3 c6 7. O-O Be6 8. Bf4 g5 9. Bxb8 Rxb8 10. Ne5 Bg7 11. Bg4 Bxe5 12.
dxe5 Qd7 13. Bh5 Ne7 14. Qe2 Ng6 15. g3 Qc7 16. Rad1 O-O 17. b3 Rbe8 18. Na4
Bf5 19. Bxg6 {Mueller,G-Saal,G/RLPF-chS Pirmasens 1992/GER 05/1-0 (49)}) 5. Be2
Bf5 $14 (5... Ng6 6. Bg5 Be7 7. Bxe7 Nxe7 8. O-O $11) 6. Nc3 $11 (6. O-O Ng6
$11) 6... Nbc6 7. a3 {Consolidates b4} a6 {Prevents intrusion on b5} 8. O-O g6
9. Bg5 Bg7 10. Qd2 O-O 11. Bh6 Be6 12. Bxg7 Kxg7 13. Bd3 Nf5 14. Ne2 Qf6 {
Will d4 fall?} 15. c3 {Secures b4} Na5 16. Qc2 b5 17. b3 {Controls c4} Nd6 18.
Ne5 Rfe8 19. Ng3 Nab7 $16 (19... c5 $5 $11 {must be considered}) 20. f4 Nf5 21.
Bxf5 $14 (21. Ng4 Qh4 22. Bxf5 gxf5 23. Nxf5+ Bxf5 24. Qxf5 Nd6 25. Qg5+ Qxg5
26. fxg5 Re2 $16) 21... Bxf5 22. Qd1 $11 (22. Nxf5+ gxf5 23. Rf3 Re7 $14) 22...
Nd6 23. Qf3 Ne4 24. Nxe4 $15 (24. Rfe1 Rac8 $14) 24... Bxe4 {
The black bishop on an outpost} 25. Qf2 Rac8 26. g4 c6 27. f5 {
White gets more space} gxf5 28. gxf5 $17 (28. Qg3 $5 $15 {is interesting})
28... Qg5+ $15 (28... Kh8 $5 29. Qf4 Qg7+ 30. Qg3 Rg8 $17) 29. Qg3 {
Threatening mate... how?} Qxg3+ 30. hxg3 f6 31. Nd7 Re7 32. Nc5 Ra8 33. Ne6+
$15 (33. a4 $5 $11) 33... Kf7 34. Rf4 Bxf5 35. Nc5 {The knight feels good on c5
} Kg6 $14 (35... Bc8 $5 $11) 36. Raf1 Be4 $16 (36... Bh3 37. Rxf6+ Kh5 38. R1f2
$14) 37. Rxf6+ Kg7 $2 $18 (37... Kh5 $142 $5 $16) 38. Ne6+ Kg8 $4 {
but even a better move would not have saved the game} (38... Rxe6 39. Rxe6 Bc2
$18) 39. Rf8+ (39. Rf8+ Rxf8 40. Rxf8#) 1-0

[Event "Modbury Championship"]
[Site "Modbury"]
[Date "1997.??.??"]
[Round "2.1"]
[White "Gray, Graham"]
[Black "Porlaje, Benjamin"]
[Result "1-0"]
[WhiteElo "1536"]
[BlackElo "1270"]
[Annotator "Fritz 5.32"]
[PlyCount "73"]
[EventDate "1997.??.??"]
[EventType "tourn"]
[EventRounds "11"]
[EventCountry "AUS"]

1. e4 e5 {Opening = C24 - Läuferspiel /Bishop's Opening} 2. Bc4 Nf6 3. d4 Qe7 (
3... Nxe4 4. dxe5 c6 5. Qe2 Nc5 6. Nc3 Be7 7. Bf4 Ne6 8. Bg3 c5 9. Nf3 Nc6 10.
O-O-O Qa5 11. Nb5 O-O 12. Nd6 Bxd6 13. exd6 b5 14. Bd5 Bb7 15. Qe4 Rae8 16.
Rhe1 c4 17. Ng5 g6 18. Bxe6 fxe6 19. Re3 Rf5 20. Ra3 {
1/2-1/2 Woeber,F-Grabher,H/AUT-chT 1996/EXP 52 (20)}) 4. Nf3 Nxe4 $146 (4... d6
5. Nc3 c6 6. Bg5 g6 7. Qd2 Bg7 8. O-O-O b5 9. dxe5 dxe5 10. Nxb5 O-O 11. Nc3
Qc5 12. Bb3 Na6 13. Qd6 Ng4 14. Be7 Qxd6 15. Bxd6 Nxf2 16. Rhf1 Ng4 17. Bxf8
Bxf8 18. Rd8 Ne3 19. Rf2 Ng4 20. Rfd2 Kg7 21. h3 Nf6 22. Nxe5 Nc5 23. Nxc6
Nfxe4 24. Nxe4 Nxe4 25. Re2 Bb7 26. Rxa8 Bxa8 27. Nxa7 Bc5 28. Nb5 Bc6 29. a4
f5 30. Nc7 Bd6 31. Ne6+ Kf6 32. a5 Bb5 33. Re1 Bb4 34. Rd1 Nf2 35. Rd4 Be7 36.
Bc4 Bxc4 37. Rxc4 Kxe6 38. a6 Bg5+ 39. Kb1 {
Broome,T-Barrios,R/Moscow olm 1994/EXP 44/1-0 (51)}) (4... exd4 5. O-O $15) 5.
dxe5 {White gets strong initiative} Qc5 $16 (5... Nc6 $142 $5 {
might be a viable alternative} 6. Qe2 f5 $14) 6. Qe2 Qc6 7. Nd4 Qc5 8. Bxf7+ (
8. Qxe4 $6 Qxc4 9. Nd2 Qa6 $11) 8... Kxf7 9. Qxe4 Be7 10. O-O Rf8 $18 (10...
Nc6 11. Nxc6 Qxc6 12. Nc3 $16) 11. Nb3 Qb5 12. Nc3 ({Worse is} 12. Qxh7 Qxe5
13. Bd2 Nc6 $16 (13... Qxb2 $4 {
that pawn is deadly bait and will cause Black grave problems} 14. Bc3 Qxa1 15.
Qxg7+ Ke8 16. Qg6+ Kd8 17. Bxa1 $18)) 12... Qb6 $2 (12... Qc6 $142 $18) 13.
Qxh7 (13. Nd5 $142 {and White can already relax} Qc6 14. Nd4 Qc5 $18) 13... Qe6
14. Qh5+ Kg8 15. Nd4 Qf7 16. Qxf7+ Rxf7 17. Nd5 Na6 18. Nxe7+ Rxe7 19. Nf3 Nb4
20. Bg5 Re6 21. a3 Nc6 22. Rfe1 b6 23. c3 Ba6 (23... a5 24. Rad1 $18) 24. b4 (
24. Rad1 Bc8 $18) 24... Bb7 (24... Rae8 25. Rad1 Bc8 26. b5 $18) 25. Rad1 Bc8
26. Bf4 (26. b5 Na5 $18) 26... b5 27. a4 (27. Rd5 a6 $18) 27... a6 (27... bxa4
28. Ra1 Ba6 29. Rxa4 Bb5 $18) 28. a5 Nb8 (28... Re7 29. Bg5 Re6 30. Nd4 Nxd4
31. Rxd4 $18) 29. Ng5 Rc6 (29... Re8 $18) 30. Rd3 (30. e6 $142 {
and the rest is a matter of technique} Rxe6 31. Nxe6 $18) 30... Rc4 31. Bg3 (
31. e6 $142 {and White wins} Nc6 (31... Rxf4 $4 {too greedy} 32. e7 d6 33.
e8=Q+ Rf8 34. Qh5 Bf5 35. Rh3 Bxh3 36. Qh7#) 32. e7 Nxe7 $18) 31... c5 (31...
Nc6 $18 {desperation}) 32. e6 {Threatening mate: e7} Nc6 33. e7 $1 {
surprise!. Do you see the mate threat?} Nxe7 34. Rxe7 {The mate threat is Re8}
g6 35. Re8+ $18 (35. Be5 Kf8 36. Rf7+ Ke8 37. Bd6 Rf4 38. Rxf4 cxb4 39. Rf8#)
35... Kg7 36. Be5+ Kh6 37. f4 (37. f4 Rxf4 38. Bxf4 Kg7 39. Rh3 Kf6 40. Rh7 Kf5
41. Rf8+ Kg4 42. h3#) (37. Nf7+ Kh5 38. Rg3 Bb7 39. Rg5+ Kh4 40. Bg3#) 1-0